| 000 -LEADER |
| fixed length control field |
01363cam a2200217Ii 4500 |
| 020 ## - INTERNATIONAL STANDARD BOOK NUMBER |
| ISBN |
0585232091 (electronic bk.) |
| 020 ## - INTERNATIONAL STANDARD BOOK NUMBER |
| ISBN |
9780585232096 (electronic bk.) |
| 040 ## - CATALOGING SOURCE |
| Transcribing agency |
N$T |
| 082 04 - DEWEY DECIMAL CLASSIFICATION NUMBER |
| Classification number |
307 FOR 1992 C154 Or. |
| 100 1# - MAIN ENTRY--AUTHOR NAME |
| Personal name |
Nyberg, Albert. |
| 245 10 - TITLE STATEMENT |
| Title |
Accelerating China's rural transformation. |
| 300 ## - PHYSICAL DESCRIPTION |
| Number of Pages |
1 online resource (xix, 132 pages) : |
| Other physical details |
color illustrations |
| 520 1# - SUMMARY, ETC. |
| Summary, etc |
"This report has been prepared to identify and consolidate information on crucial issues affecting future rural development in China. Prepared with the assistance of Chinese and non-Chinese scholars and analysts, the report assesses strategic options from the perspective of efficiency, equitable development, and growth. It concludes that continued reform will entail further liberalization of production, pricing, and marketing policies; strong government promotion of a market environment; and investments in public services and infrastructure."--Jacket |
| 650 #0 - SUBJECT ADDED ENTRY--TOPICAL TERM |
| Topical Term |
Rural development |
| 700 1# - ADDED ENTRY--PERSONAL NAME |
| Personal name |
Rozelle, Scott. |
| 710 2# - ADDED ENTRY--CORPORATE NAME |
| Corporate name or jurisdiction name as entry element |
Ohio Library and Information Network. |
| 710 2# - ADDED ENTRY--CORPORATE NAME |
| Corporate name or jurisdiction name as entry element |
World Bank. |
| 856 40 - ELECTRONIC LOCATION AND ACCESS |
| Uniform Resource Identifier |
http://search.ebscohost.com/login.aspx?direct=true&scope=site&db=nlebk&db=nlabk&AN=26741 |
| 856 40 - ELECTRONIC LOCATION AND ACCESS |
| Uniform Resource Identifier |
http://proxy.ohiolink.edu:9099/login?url=http://search.ebscohost.com/login.aspx?direct=true&scope=site&db=nlebk&db=nlabk&AN=26741 |
| 942 ## - ADDED ENTRY ELEMENTS (KOHA) |
| Koha item type |
ADB |
| 952 ## - LOCATION AND ITEM INFORMATION (KOHA) |
| Withdrawn status [LOCAL, KOHA] |
0 |